| 000 | 00894nam a2200205 a 4500 | ||
|---|---|---|---|
| 003 | 0 | ||
| 005 | 20250522160241.0 | ||
| 008 | 021127s19uu xx 00 eng d | ||
| 050 |
_aPGS DS 686.6.E87 _b.D364 2001 |
||
| 100 | _adel Rosario, Melvn Kristian Locsin. | ||
| 245 |
_aPerceptions of grade six students of Southville International School year 2000-2001 on the leadership of President "ERAP" / _cMelvn Kristian Locsin del Rosario. |
||
| 260 |
_aLas Piñas City, Philippines : _bSouthville International School and Colleges, _c2001. |
||
| 300 |
_a57 pages : _billustrations ; _c28 cm. |
||
| 504 | _aIncludes bibliographical references. | ||
| 650 |
_aEstrada, Joseph Ejercito, 1937 _vPublic opinion. |
||
| 650 |
_aPolitical leadership _vPhilippines _vPublic opinion. |
||
| 650 |
_aPhilippines _vPolitics and government _v1998–2001. |
||
| 650 |
_aStudents _vAttitudes. |
||
| 942 |
_2lcc _cPASS |
||
| 999 |
_c96506 _d96506 |
||